000 00378nam a2200133Ia 4500
008 220217s9999||||xx |||||||||||||| ||und||
020 _a81-203-2089-1
082 _a005.71 JOS
100 _aJoseph, P.T
_93595
245 0 _aE-commerce: a managerial perspective
260 _aPrentice hall of india
_bNew Delhi
_c2002
300 _b250
650 _aDATA COMMUNICATION
_91124
999 _c172230
_d172230